| 000 | 00583fam a2200193 a 4500 | ||
|---|---|---|---|
| 005 | 20260322212057.0 | ||
| 008 | data | ||
| 010 | _a 93047589 | ||
| 020 |
_a0399139338 (acidfree paper) : _c{dollar}22.95 ({dollar}28.50 Can.) |
||
| 020 |
_a978-0399139338 (acid-free paper) : _c{dollar}22.95 ({dollar}28.50 Can.) |
||
| 040 |
_aDLC _cDLC _dDLC |
||
| 050 | 0 | 0 |
_aPR6058.I343 _bO5 1994 |
| 099 | _aHIGGIJ | ||
| 100 | 1 |
_aHiggins, Jack, _d1929- |
|
| 245 | 1 | 0 |
_aOn dangerous ground / _cJack Higgins. |
| 260 |
_aNew York : _bG.P. Putnam's Sons, _cc1994. |
||
| 300 |
_a304 p. ; _c24 cm. |
||
| 001 | data | ||
| 999 |
_c1365 _d1365 |
||